Wertvollste ablösefreie Transfers im Fußball - Statistiken

Allgemein
  • Dieses Quiz wurde 386 mal gespielt
  • Das Durchschnittsergebnis liegt bei 4 aus 15
Antwortstatistiken
Marktwert Saison Aufnehmender Verein Fußballer % Korrekt
80 Mio 21/22 Paris SG Lionel Messi
90%
50 Mio 14/15 Bayern München Robert Lewandowski
55%
60 Mio 21/22 Paris SG Gianluigi Donnarumma
44%
55 Mio 21/22 Real Madrid David Alaba
38%
35 Mio 22/23 Borussia Dortmund Niklas Süle
30%
48 Mio 22/23 Juventus Turin Paul Pogba
27%
45 Mio 22/23 FC Barcelona Franck Kessie
19%
40 Mio 22/23 Real Madrid Antonio Rüdiger
18%
40 Mio 18/19 Bayern München Leon Goretzka
17%
45 Mio 21/22 FC Barcelona Memphis Depay
13%
35 Mio 06/07 FC Chelsea Michael Ballack
9%
35 Mio 19/20 Juventus Turin Adrien Rabiot
4%
35 Mio 21/22 Inter Mailand Hakan Calhanoglu
4%
40 Mio 19/20 Juventus Turin Aaron Ramsey
3%
40 Mio 18/19 Inter Mailand Stefan de Vrij
2%
Keine übereinstimmenden Quizze gefunden
Verteilung der Resultate
Anzahl Personen mit jedem Resultat
Perzentil nach korrekt beantworteten Fragen
Ihre Resultats-Entwicklung
Sie haben dieses Quiz noch nicht gespielt